| 000 | 00973nam a2200217 i 4500 | ||
|---|---|---|---|
| 001 | 127132 | ||
| 003 | ES-MaACL | ||
| 005 | 20230906192942.0 | ||
| 007 | t| | ||
| 008 | 070214s1923 sp |||| | spa d | ||
| 100 | 1 |
_aRicart y Gualdo, Francisco. _996868 |
|
| 245 | 1 | 0 |
_aCorrección bacteriológica del agua de bebida por medio de los hipocloritos alcalinos y por el cloro líquido _b: sus aplicaciones en los ejércitos aliados durante la guerra de 1914-1918. / _cFrancisco Ricart y Gualdo. |
| 260 |
_aBarcelona : _bSobrinos de López Robert, _c1923. |
||
| 300 |
_a72 p. : _bil. |
||
| 490 | 1 |
_aMemorias de la Real Academia de Ciencias y Artes de Barcelona, 3ª época ; _v17; n. 23 |
|
| 650 | 4 |
_aAgua- _xTratamiento. _9135539 |
|
| 710 | 2 |
_aReal Academia de Ciencias y Artes de Barcelona. _9150016 |
|
| 830 | 0 |
_aMemorias de la Real Academia de Ciencias y Artes de Barcelona, 3ª época ; _v17; n. 23 _9219174 |
|
| 852 |
_aES-MaACL _j1662-F-7 |
||
| 999 |
_c127132 _d127132 |
||